008050000a220009700045001000021000002450137000213000040001585200451001986500012006497730046006611 aNavarro, Rafael.10aUso de la fibra de coco (cocos nucifera) como sustrato germinador en especies de importancia hortícola en el oriente antioqueño. ano.27 (Ene. - Jul., 2009), p. 70-80 aEn los departamentos de Boyacá, Cundinamarca, Antioquia, Nariño y Tolima se concentra la despensa agrícola de hortalizas en 90.000 hectáreas, de las cuales 5.700 son sembradas en el oriente antioqueño en especies como zanahoria, remolacha, repollo, brócoli, coliflor, lechuga, tomate y otros. es una de las principales actividades de la zona, que favorece a 12.000 familias productoras con una generación de 23.000 empleos directos.14aCOSECHA0 tRevista Universidad Católica de Oriente